Poetas castellanos anteriores al siglo XV. Colección hecha por D. Tomás Antonio Sánchez, continuada por el Excmo. Sr. D. Pedro José Pidal y considerablemente aumentada e ilustrada a la vista de los códices y manuscritos antiguos por D. Florencio Janer

Đã lưu trong:
Chi tiết về thư mục
Những tác giả chính: Pidal, Pedro José (Tác giả), Sánchez, Tomás Antonio (Tác giả), Janer, Florencio (Tác giả), Berceo, Gonzalo de (Tác giả), Ruiz, Juan (Tác giả), Archipreste de Hita (Tác giả), González, Fernán (Tác giả)
Tác giả khác: López de Ayala, Pedro (autor)
Định dạng: Sách
Ngôn ngữ:Tiếng Tây Ban Nha
Được phát hành: Madrid Imprenta de los Sucesores de Hernando 1911
Phiên bản:1a. ed
Loạt:Biblioteca de Autores Españoles, LVII
Những chủ đề:
Các nhãn: Thêm thẻ
Không có thẻ, Là người đầu tiên thẻ bản ghi này!

MARC

LEADER 00000nam a2200000 a 4500
001 UCJ7125
003 CL-VaPUC
008 070124e19110000SP |||||||||||||||||spa|d
082 0 4 |a 860  |b PID  |2 21 
100 0 |a Pidal, Pedro José  |e author  |9 515126 
700 0 |a Sánchez, Tomás Antonio  |e author  |9 515127 
700 0 |a Janer, Florencio  |e author  |9 515128 
700 0 |a Berceo, Gonzalo de  |e author  |9 308429 
700 0 |a Ruiz, Juan  |e author  |9 321708 
700 0 |a Archipreste de Hita  |e author  |9 515129 
700 0 |a González, Fernán  |e author  |9 378708 
700 |a López de Ayala, Pedro  |e autor  |9 421038 
245 1 0 |a Poetas castellanos anteriores al siglo XV. Colección hecha por D. Tomás Antonio Sánchez, continuada por el Excmo. Sr. D. Pedro José Pidal y considerablemente aumentada e ilustrada a la vista de los códices y manuscritos antiguos por D. Florencio Janer 
246 1 0 |a Poema del Cid 
246 1 0 |a Libro de Apolonio 
246 1 0 |a Vida de Santa María Egipciaca 
246 1 0 |a Adoración de los Reyes 
246 1 0 |a Vida del glorioso confesor Santo Domingo de Silos 
246 1 0 |a Historia del señor San Millán 
246 1 0 |a Milagros de Nuestra Señora 
246 1 0 |a Vida de santa Oria, vírgen 
246 1 0 |a Cuán hermosa, eres!, Nieves León 
246 1 3 |a La Danza de la muerte 
246 1 0 |a Rimado de Palacio 
246 1 0 |a Del sacrificio de la Misa 
250 |a 1a. ed 
300 |a xlviii, 599 p 
942 |c BK 
945 |d 20070124 00:00:00  |a rinostro 
260 |a Madrid  |b Imprenta de los Sucesores de Hernando  |c 1911 
500 |a 8§, pasta española.- Anteport.- v. en b.- Port.- v. en b.- Advierte errata 
650 0 |a Poesía medieval  |9 306691 
650 7 |a POESIA JUGLARESCA  |2 CL-VaPUC  |9 506963 
650 7 |a BIOGRAFIA  |2 CL-VaPUC  |9 504622 
650 0 |a Crítica literaria   |9 269189 
650 0 |a Glosario de voces antiguas  |9 515123 
583 |a last modification  |c 20070124 00:00:00  |k Rodrigo Vera 
490 0 |a Biblioteca de Autores Españoles, LVII 
999 |c 323225  |d 323223 
952 |0 0  |1 0  |4 0  |6 860_000000000000000_PID_1911  |7 0  |8 X  |9 402637  |a FDOBUD  |b FDOBUD  |d 2019-11-22  |i 1058894  |o 860 PID 1911  |p 1058894  |r 2019-11-22  |w 2019-11-22  |y BK_X  |k BUD